Typing Challenge Quiz Stats

 Plays Quiz not verified by Sporcle

Support Sporcle.
Go Orange.
Score 0/52 Timer 01:00
0 Plays Today
Word Word Again % Correct
????
100%
????
100%
????
100%
????
100%
????
100%
????
99.9%
????
99.7%
????
99.7%
????
99.6%
????
99.6%
????
98.5%
????
98.4%
????
98.4%
????
98%
????
97.9%
????
97.7%
????
97.7%
????
97.6%
????
97.5%
????
97.1%
????
96.8%
????
96.1%
????
95.8%
????
95.3%
????
94%
????
93%
Word Word Again % Correct
????
89.6%
????
88.3%
????
86.4%
????
84.6%
????
82.9%
????
81%
????
75.5%
????
71.9%
????
69.1%
????
66.7%
????
57.3%
????
53.9%
????
50.7%
????
47.6%
????
44.1%
????
39.7%
????
36.5%
????
32.4%
????
29.5%
????
24.6%
????
19%
????
16.2%
????
13.5%
????
9.9%
????
6.6%
????
4.9%

You're not logged in!

Compare scores with friends on all Sporcle quizzes.
OR
Log In

From the Vault

Historical Events of 1993

by msbhavens

If you got spam in your inbox in 1993, it was likely a terrible prank.
Remove Ads.
Support Sporcle.
Get the best of Sporcle when you Go Orange. This ad-free experience offers more features, more stats, and more fun while also helping to support Sporcle. Thank you for becoming a member.

Show Comments

Extras

Top Quizzes Today


Score Distribution

Your Account Isn't Verified!

In order to create a playlist on Sporcle, you need to verify the email address you used during registration. Go to your Sporcle Settings to finish the process.

Report this User

Report this user for behavior that violates our Community Guidelines.

Details: